000 01622 a2200385 4500
001 OB-eie-2096
003 FrMaCLE
005 20251214082655.0
007 cu ||||||m||||
008 241001e||||||||xx |||||s|||||||||0|fr|d
020 _a978-2-940655-08-3
024 7 _a10.4000/12e5t
_2doi
040 _aFR-FrMaCLE
041 _afra
100 1 _aNaji, Taha
245 1 0 _aLutter dans sa classe :
_bL’École Ferrer, une expérience anarchiste et ouvrière /
_cTaha Naji.
260 _aGenève :
_bÉditions Interroger l’éducation,
_c2024.
300 _a154 p.
500 _aEbook
520 _a De nombreuses écoles alternatives sont nées de l’intérêt des anarchistes pour l’enseignement comme outil d’émancipation sociale. À Lausanne, une expérience ouverte aux enfants de la classe ouvrière a vu le jour au début du 20e siècle : l’École Ferrer. En explorant les débats qui l’ont traversée, ce livre éclaire la place de l’éducation dans le mouvement libertaire romand et invite à s’interroger sur l’éducation des publics populaires.
540 _aCC-BY-NC-ND-4.0
_uhttps://creativecommons.org/licenses/by-nc-nd/4.0/
650 4 _aEducation & Educational Research
650 4 _aanarchisme
650 4 _aclasse ouvrière
650 4 _aécole
650 4 _aéducation
650 4 _aLausanne
650 4 _apédagogie
650 4 _apublics populaires
650 4 _asciences de l’éducation
650 4 _aSuisse romande
760 0 _x2813-6012
776 _z978-2-940655-07-6
856 4 _eNaji, Taha
_uhttps://books.openedition.org/eie/2096
_yLutter dans sa classe
999 _c7366
_d7366